Top 15 NBA Frontcourts 2025 - Statistics

General Stats
  • This quiz has been taken 256 times
  • The average score is 11 of 15
Answer Stats
# Answer % Correct
1 Nikola Jokic
97%
2 Giannis Antetokounmpo
93%
3 Joel Embiid
93%
4 LeBron James
89%
5 Jayson Tatum
87%
7 Anthony Davis
85%
6 Kevin Durant
81%
10 Victor Wembanyama
77%
8 Kawhi Leonard
71%
9 Jaylen Brown
68%
11 Paul George
61%
15 Bam Adebayo
60%
13 Jimmy Butler
59%
12 Paolo Banchero
55%
14 Zion Williamson
54%
No matching quizzes found
Score Distribution
Percent of People with Each Score
Percentile by Number Answered
Your Score History
You have not taken this quiz